000 01769nam a2200301 4500
003 EC-UNACH
005 20251029161115.0
006 s||||gr|||| 00| 00
008 150116t9999 mx r gr 000 0 spa d
020 _a9978-22-516-1
040 _aEC-UNACH
_cEC-UNACH
041 _aspa
082 0 4 _223
_a302.2
_bL017937
110 _aAbya-Yala
245 _aEl comercio de productos agrícolas en la OMC
250 _aPrimera edición
264 _aEcuador
_bAbya-Yala
_c2005
300 _a157
505 _aCapitulo 1- Aspectos teóricos - La intervención gubernamental en la teoría del comercio internacional - El realismo en la Teoría de las relaciones internacionales - mas allá de la teoría realista - - Capitulo 2- perspectiva mundial del comercio agrícola - Agricultura y políticas distorsionantes magnitudes - Los países en desarrollo y sus intereses comerciales - Los mayores poderes y sus políticas agrícolas - Los grupos de actores - - Capitulo 3- La agricultura en el GATT y la OMC - El origen del acuerdo sobre agricultura "Blair House" - Principios que rigen las negociaciones - Los compromisos de la ronda Uruguay - Las dificultades de implementación del acuerdo sobre agricultura. - - Capitulo 4- La agenda de trabajo de Doha -El fracaso de Cancún - Conexiones con otros procesos de negociación :el ALCA - Del fracaso de Cancún al documento de julio de 2004 - Conclusiones y recomendaciones .
650 _aIntervención gubernamental del comercio internacional
650 _aOrigen del acuerdo sobre la agricultura
650 _aAgenda de trabajo de Doha
700 _aMarcelo Gerona M
942 _2ddc
_c1
999 _c14119